000 00372nam a2200157Ia 4500
008 230711s9999||||xx |||||||||||||| ||und||
041 _aENG
082 _a624
_bLE-H
100 _aLee W.H.K
245 0 _aHistorical residence and earthquake of wake
250 _a3rd
260 _c1988
_aNew Delhi
_bAcademic Press
300 _a501
650 _aArchitecture
942 _cBK
999 _c739
_d739